Enciclopedia del Mundo Animal (Record no. 30439)
[ view plain ]
| 000 -LEADER | |
|---|---|
| fixed length control field | 01248nam a22003137a 4500 |
| 005 - DATE AND TIME OF LATEST TRANSACTION | |
| control field | 20150124123407.0 |
| 008 - FIXED-LENGTH DATA ELEMENTS--GENERAL INFORMATION | |
| fixed length control field | 120423t sp ||||| |||| 00| 0 spa d |
| 020 ## - INTERNATIONAL STANDARD BOOK NUMBER | |
| International Standard Book Number | 8479050985 (O.C) |
| 020 ## - INTERNATIONAL STANDARD BOOK NUMBER | |
| International Standard Book Number | 8479050861 (Tomo 1) |
| 020 ## - INTERNATIONAL STANDARD BOOK NUMBER | |
| International Standard Book Number | 847905087X (Tomo 2) |
| 020 ## - INTERNATIONAL STANDARD BOOK NUMBER | |
| International Standard Book Number | 8479050888 (Tomo III) |
| 020 ## - INTERNATIONAL STANDARD BOOK NUMBER | |
| International Standard Book Number | 8479050896 (Tomo IV) |
| 020 ## - INTERNATIONAL STANDARD BOOK NUMBER | |
| International Standard Book Number | 847905090X (Tomo V) |
| 020 ## - INTERNATIONAL STANDARD BOOK NUMBER | |
| International Standard Book Number | 8479050918 (Tomo VI) |
| 020 ## - INTERNATIONAL STANDARD BOOK NUMBER | |
| International Standard Book Number | 8479050926 (Too VII) |
| 020 ## - INTERNATIONAL STANDARD BOOK NUMBER | |
| International Standard Book Number | 8479050934 (Tomo VIII) |
| 020 ## - INTERNATIONAL STANDARD BOOK NUMBER | |
| International Standard Book Number | 8479050942 (Tomo IX) |
| 020 ## - INTERNATIONAL STANDARD BOOK NUMBER | |
| International Standard Book Number | 8479050950 (Tomo X) |
| 020 ## - INTERNATIONAL STANDARD BOOK NUMBER | |
| International Standard Book Number | 8479050969 (Tomo XI) |
| 050 04 - LIBRARY OF CONGRESS CALL NUMBER | |
| Classification number | QL7 |
| Item number | E53 1991 |
| 245 10 - TITLE STATEMENT | |
| Title | Enciclopedia del Mundo Animal |
| 250 ## - EDITION STATEMENT | |
| Edition statement | 1a ed. |
| 260 ## - PUBLICATION, DISTRIBUTION, ETC. (IMPRINT) | |
| Place of publication, distribution, etc | Navarra;España: |
| Name of publisher, distributor, etc | Gruoo Libro 88, |
| Date of publication, distribution, etc | 1991. |
| 300 ## - PHYSICAL DESCRIPTION | |
| Extent | v.: |
| Other physical details | ills.; |
| Dimensions | 28 cm. |
| 505 0# - FORMATTED CONTENTS NOTE | |
| Formatted contents note | Contenido: gT.1 tMamíferos: Carnivoros-- gT.2 tMamíferos Marinos-- gT.3 tLos Primates-- gT.4 tGrandes Herbíoros-- gT.5 tPequeños Herbívoros-- gT.6 tInsectív y Marsupiales-- gT.7 tAves I: De avestruz a tornillos-- gT.8 tAves II: De chorlitos a picos-- gT.9 tAves III: Paseriformes-- gT.10 tAnfibios y Reptiles.-- gT.11 tPeces. s |
| 650 7# - SUBJECT ADDED ENTRY--TOPICAL TERM | |
| Source of heading or term | LEMB |
| Topical term or geographic name as entry element | Enciclopedias y Diccionarios |
| General subdivision | Enciclopedias |
| 650 7# - SUBJECT ADDED ENTRY--TOPICAL TERM | |
| Source of heading or term | LEMB |
| Topical term or geographic name as entry element | Zoología |
| General subdivision | Reino animal |
| 942 ## - ADDED ENTRY ELEMENTS (KOHA) | |
| Source of classification or shelving scheme | Clasificación Decimal Dewey |
| Koha item type | Libro |
| Estado de pérdida | Fuente de clasificación | Estado del daño | No para préstamo | Ubicación permanente | Ubicación actual | Apartado o colección | Fecha de adquisición | Enumeración de Serie / Cronológica | Área del conocimiento | Clasificación | Código de Barras | Date last seen | Número de copia | Tipo de recurso |
|---|---|---|---|---|---|---|---|---|---|---|---|---|---|---|
| Biblioteca del Cogreso de los Estados Unidos | Consulta | Biblioteca de la Unidad de Ciencias Ingeniería y Humanidades | Biblioteca de la Unidad de Ciencias Ingeniería y Humanidades | Consulta | 23/04/2012 | BCU000000069 | QL7 E53 1991 | BCU000000069 | 16/01/2015 | C:1 T. I | Libro | |||
| Biblioteca del Cogreso de los Estados Unidos | Consulta | Biblioteca de la Unidad de Ciencias Ingeniería y Humanidades | Biblioteca de la Unidad de Ciencias Ingeniería y Humanidades | Consulta | 23/04/2012 | BCU000000070 | QL7 E53 1991 | BCU000000070 | 16/01/2015 | C:1 T.II | Libro | |||
| Biblioteca del Cogreso de los Estados Unidos | Consulta | Biblioteca de la Unidad de Ciencias Ingeniería y Humanidades | Biblioteca de la Unidad de Ciencias Ingeniería y Humanidades | Consulta | 23/04/2012 | BCU000000071 | QL7 E53 1991 | BCU000000071 | 23/04/2012 | C:1 T. III | Libro | |||
| Biblioteca del Cogreso de los Estados Unidos | Consulta | Biblioteca de la Unidad de Ciencias Ingeniería y Humanidades | Biblioteca de la Unidad de Ciencias Ingeniería y Humanidades | Consulta | 23/04/2012 | BCU000000072 | QL7 E53 1991 | BCU000000072 | 16/01/2015 | C:1 T. IV | Libro | |||
| Biblioteca del Cogreso de los Estados Unidos | Consulta | Biblioteca de la Unidad de Ciencias Ingeniería y Humanidades | Biblioteca de la Unidad de Ciencias Ingeniería y Humanidades | Consulta | 23/04/2012 | BCU000000073 | QL7 E53 1991 | BCU000000073 | 16/01/2015 | C:1 T. V | Libro | |||
| Biblioteca del Cogreso de los Estados Unidos | Consulta | Biblioteca de la Unidad de Ciencias Ingeniería y Humanidades | Biblioteca de la Unidad de Ciencias Ingeniería y Humanidades | Consulta | 23/04/2012 | BCU000000074 | QL7 E53 1991 | BCU000000074 | 16/01/2015 | C:1 T. VI | Libro | |||
| Biblioteca del Cogreso de los Estados Unidos | Consulta | Biblioteca de la Unidad de Ciencias Ingeniería y Humanidades | Biblioteca de la Unidad de Ciencias Ingeniería y Humanidades | General | 23/04/2012 | BCU000000075 | QL7 E53 1991 | BCU000000075 | 23/04/2012 | C:1 T. VII | Libro | |||
| Biblioteca del Cogreso de los Estados Unidos | Consulta | Biblioteca de la Unidad de Ciencias Ingeniería y Humanidades | Biblioteca de la Unidad de Ciencias Ingeniería y Humanidades | Consulta | 23/04/2012 | BCU000000076 | QL7 E53 1991 | BCU000000076 | 23/04/2012 | C:1 T. VIII | Libro | |||
| Biblioteca del Cogreso de los Estados Unidos | Consulta | Biblioteca de la Unidad de Ciencias Ingeniería y Humanidades | Biblioteca de la Unidad de Ciencias Ingeniería y Humanidades | Consulta | 23/04/2012 | BCU000000077 | QL7 E53 1991 | BCU000000077 | 16/01/2015 | C.1 T. IX | Libro | |||
| Biblioteca del Cogreso de los Estados Unidos | Consulta | Biblioteca de la Unidad de Ciencias Ingeniería y Humanidades | Biblioteca de la Unidad de Ciencias Ingeniería y Humanidades | Consulta | 23/04/2012 | BCU000000078 | QL7 E53 1991 | BCU000000078 | 23/04/2012 | C:1 T. X | Libro | |||
| Biblioteca del Cogreso de los Estados Unidos | Consulta | Biblioteca de la Unidad de Ciencias Ingeniería y Humanidades | Biblioteca de la Unidad de Ciencias Ingeniería y Humanidades | Consulta | 23/04/2012 | BCU000000079 | QL7 E53 1991 | BCU000000079 | 16/01/2015 | C:1 T. XI | Libro |